000 00658cam a22001814a 4500
005 20250605164030.0
008 250528s ||||||||||||||||||||||||d
035 _a16596
040 _aGR-AtMCL
_bgre
_dGR-AtMCL
_eAACR2
245 1 _aΜελέτες Προς Τιμήν του Καθηγητού Αθανάσιου Κανελλόπουλου.
_nΤόμος Β'
260 _bΠειραιάς,
_c1992
300 _a758
520 _aΜέρος ΙΙ: Νομικές Μελέτες, Μέρος ΙΙΙ: Διάφορες Μελέτες.
700 1 _aΚανελλοπούλου Αθανάσιος
_92684
942 _cBK
999 _c2078
_d2078